00635nam a2200181Ia 450000500170000000800410001702000150005808200190007310000140009224500810010625000090018726000400019630000120023650000890024894200060033795200950034399900150043820241218033740.0240331s9999 xx 000 0 und d a8179922375 bARV25987a305 aKhaire, A 0aEvery Woman's Survival ManualbTransform Your Body Into A Devastating Weapon a2nd  aMumbaibJaico Publishing Homec2006 a140 p., aAn exclusive guide teaching women how to protect themselves in dangerous situations. cL 001040708LaWERCLbWERCLcSSCd2024-03-31l0o 305 KHAp5987r2024-03-31w2024-03-31yL c2553d2553